| 000 | 00664nam a2200253Ia 4500 | ||
|---|---|---|---|
| 008 | 170203s9999 xx 000 0 und d | ||
| 020 | _a9831489969 | ||
| 050 | _aFic | ||
| 050 | _bAl398 | ||
| 100 | _aWilliams, Bob. | ||
| 245 | _aAli Baba and the forty thieves / | ||
| 245 | _cedited by Bob Williams. | ||
| 260 | _aKuala Lumpur : | ||
| 260 | _bKohwai & Young Publications (M), | ||
| 260 | _c2006 | ||
| 300 | _a16 pages : | ||
| 300 | _bcolor illustrations ; | ||
| 300 | _c26 cm. | ||
| 440 | _aFavourite fairy tales series. | ||
| 650 | _aArabs -- | ||
| 650 | _aChildren's stories, English. | ||
| 650 | _aFairy tales. | ||
| 650 | _xFolklore. | ||
| 999 |
_c306551 _d306551 |
||